000
00236nmm a2200085Ia 4500
008
220120s9999||||xx |||||||||||||||||und||
100
_a
Digit
245
0
_a
Skoar magazine; 12 free games, quakccon-2013, Demos
260
_a
Nine dot Nine
_c
2013
999
_c
139861
_d
139861